| 000 | 01313cad a22002535a 4500 | ||
|---|---|---|---|
| 001 | L143329 | ||
| 008 | 080428s2008 xxk f 000 0 eng d | ||
| 035 | _a(Sirsi) u153637 | ||
| 041 | 0 | _aeng | |
| 050 | 0 | 4 | _a696.9 $2 18 |
| 110 | 2 |
_aHousing Forum _93949 |
|
| 245 | 0 | 0 |
_aSustainable improvement of the existing housing stock _bworking group report _h[electronic resource] |
| 260 |
_aLondon _bHousing Forum _c2008 |
||
| 520 | _aInvestigates various practical measures to improve the sustainability of the UK's existing housing stock. Considers the possibility of creating a sustainability standard for existing housing stock, similar to the Code for Sustainable Homes; looks into the role of a whole life costing model when repairs, maintenance and improvement work is undertaken; and discusses how the Decent Homes programme can better address sustainability issues. | ||
| 521 | 2 | _aAdvanced | |
| 590 | _aKA | ||
| 650 | 2 | 4 | _aDCLG CODE FOR SUSTAINABLE HOMES |
| 650 | 2 | 4 | _aDCLG DECENT HOMES STANDARD |
| 651 | 4 |
_aUnited Kingdom _y |
|
| 690 | _aBUILT ENVIRONMENT-SUSTAINABLE CONSTRUCTION | ||
| 690 |
_aRefurbishment _96264 |
||
| 856 | 4 | 0 |
_uhttps://www.constructingexcellence.org.uk/resources/publications/view.jsp?id=7945 _zView the report free of charge at www.constructingexcellence.org.uk... |
| 942 | _n0 | ||
| 999 |
_c112622 _d112622 |
||